01486nkm a2200265za 450000100060000000300040000600500170001000700070002700800410003404000110007524500890008626000150017530000480019050001570023850001530039550001570054850000590070551001280076460000350089261000780092765100180100565500350102385200120105885601500107084428OSt20260416123909.0kh bo 250407s1909 sp ||||| |||| 00| i|spa d cM-RABA0 a[El Señor atado a la columna y la contrición de San Pedro]h[Material gráfico] c[ca. 1909] a1 fotografíab: fototipiac; 19 x 27,5 cm aReproducción fotográfica de la obra "El Señor atado a la columna y la contrición de San Pedro", atribuido al pintor Luis de Morales "El Divino". aLa tabla original se conservó en la Iglesia madrileña de San Isidro hasta 1936, cuando el templo jesuita fue incendiado durante la guerra civil. aLa fototipia pertenece al artículo: Mélida, J. R.: “Un Morales y un Goya existentes en la Catedral de Madrid”, en B.S.E.E., T. XVII, 1909, p. 1. aFecha probable, tomada de la publicación en el BSEE. aMélida, José Ramón: “Un Morales y un Goya existentes en la Catedral de Madrid”, en B.S.E.E., T. XVII, 1909, p. 1.17aMorales, Luis de d(1509-1586)24aReal Colegiata de San Isidro y Nuestra Señora del Buen Consejo (Madrid) 7aMadrid2embne 7aFotografías de obras de arte jFot-545 3Fot-545uhttps://archivoybiblioteca.realacademiabellasartessanfernando.com/cgi-bin/koha/opac-retrieve-file.pl?id=c41d3651d7c72b68c9fa55796b45a9d2